Statistiques concernant 25 plus grandes villes du monde

Cliquez ici pour prendre le quiz!

Statistiques générales

  • Ce quiz a été pris 240 fois
  • Le résultat moyen est 14 sur 25

Réponses sur la Carte

Les réponses sont colorées sur une échelle allant du rouge au vert en fonction du pourcentage des utilisateurs qui les ont devinées à leur premier essai. Vous pouvez retrouver ces pourcentages ci-dessous.
 

Statistiques - réponses

Agglomérations% Correct
Tokyo
97%
New York
95%
Pékin
87%
Moscou
85%
Delhi
84%
Los Angeles
80%
Mexico
77%
Shanghai / Suzhou
71%
Mumbai
66%
Buenos Aires
60%
São Paulo
60%
Jakarta
58%
Le Caire
57%
Séoul
57%
Lagos
49%
Canton
47%
Hong Kong
47%
Manille
44%
Bangkok
41%
Dacca
38%
Calcutta
37%
Osaka
35%
Téhéran
35%
Karachi
22%
Chongqing
9%

Distribution des résultats

Percentile par nombre de réponses

% des personnes avec chaque résultat

Votre développement - résultats

Vous n’avez pas pris ce quiz